Statistics for Largest Chinese Provinces By Area

Click here to take the quiz!

General Stats

  • This quiz has been taken 119 times
  • The average score is 8 of 10

Answer Stats

RankAreaProvinceComparable Country:% Correct
31,155,092 km2, (456,800 m2)Inner MongoliaColumbia
96%
21,228,400 km2, (474,300 m2)TibetSouth Africa
96%
11,664,897 km2, (640,900 m2)XinjiangIran
90%
5485,000 km2, (187,300 m2)SichuanTurkmenistan
80%
6452,645 km2, (177,600 m2)HeilongjiangPapua New Guinea
71%
4721,000 km2, (278,400 m2)QinghaiZambia
70%
8383,194 km2, (152,200 m2)YunnanZimbabwe
69%
10211,855 km2' (81,800 m2)HunanGuyana
68%
7454,000 km2, (175,300 m2)GansuSweden
67%
9237,558 km2, (91,400 m2)GuangxiLaos
62%

Score Distribution

Percentile by Number Answered

Percent of People with Each Score

Your Score History

You have not taken this quiz